000 00504nmm a2200169Ia 4500
008 251105s9999||||xx |||||||||||||||||und||
020 _a9788425230189
041 _aspa
100 _aMills, Molla
245 0 _aCrochetterie :
_b Proyectos contemporáneos para mentes creativas
264 _a[Madrid, España] :
_bEditorial Gustavo Gili,
_c2018
300 _a272 páginas
490 _aGGDIY
650 _aDesign and fashion
856 _uhttps://public.digitaliapublishing.com/a/65900
942 _cCF
999 _c80340
_d80340